Clic 1 chanson -> 1 année (2000-2024) - Statistiques

Statistiques générales
  • Ce quiz a été pris 80 fois
  • Le résultat moyen est 4 sur 25
Statistiques - réponses
Hint Réponse % Correct
Balance ton quoi 2018
39%
Femme like U 2004
31%
Sapés comme jamais 2015
26%
PS : Je t'aime 2022
24%
L'horloge tourne 2011
21%
Beau-papa 2020
19%
Écris l'histoire 2006
18%
Coco câline 2017
18%
La symphonie des éclairs 2023
18%
Et un jour une femme 2000
16%
Bruxelles je t'aime 2021
16%
Jusqu'au dernier 2024
16%
Battez-vous 2010
15%
Rue de la paix 2001
13%
Docteur Renaud, Mister Renard 2002
13%
Qui de nous deux 2003
13%
Éblouie par la nuit 2012
11%
Saint Claude 2014
11%
Divine idylle 2007
10%
J'ai embrassé un flic 2016
10%
À nos héros du quotidien 2019
10%
Je m'appelle Bagdad 2005
8%
Rue des étoiles 2009
5%
Mon Raymond 2013
5%
L'effet papillon 2008
3%
Aucun quiz correspondant
Distribution des résultats
% des personnes avec chaque résultat
Percentile par nombre de réponses
Votre historique - résultats
Vous n’avez pas pris ce quiz